| 000 | 01025cam a2200217 4500 | ||
|---|---|---|---|
| 001 | ABS64520 | ||
| 008 | 010918n2001 000 0 eng u | ||
| 035 | _a(Sirsi) u114631 | ||
| 100 | _aBurns, M. | ||
| 245 | 4 | _aThe meter is running | |
| 260 | _c2001 | ||
| 490 |
_aDispute Resolution News _v(10) September 2001, 7(1) |
||
| 520 | _aDiscusses the payment of arbitrators. The parties to an arbitration are jointly liable for the arbitrator's fees, and this includes any abortive fees. Provides guidance on the point at which an arbitrator can begin to charge for his, or her, service. Confirms they are only entitled to remuneration for work they carry out after they have been appointed. Arbitrators must also accept that situations will arise where minimal, and sometimes no, fees will be forthcoming. | ||
| 590 | _aABS | ||
| 650 | _aARBITRATORS | ||
| 650 | _aFEES | ||
| 650 | _aRICS DISPUTE RESOLUTION SERVICE | ||
| 650 | _aALTERNATIVE DISPUTE RESOLUTION | ||
| 690 |
_aDispute resolution _96236 |
||
| 942 | _n0 | ||
| 999 |
_c68295 _d68295 |
||